000 00734nam a2200205Ia 4500
005 20241216011432.0
008 190429s9999||||xx |||||||||||||| ||und||
082 _a372.6
_bD36
100 _aDE LA CRUZ AYALA NATALY GUILLERMA
245 0 _aDESARROLLO DE CAPACIDADES CREATIVAS Y RENDIMIENTO ESCOLAR EN EL AREA DE COMUNICACION EN LOS ALUMNOS DEL SEXTO GRADO DE LA I.E. NO. 34033 PARAGSHA
250 _a0
260 _aCERRO DE PASCO-PERU
_bUNDAC
_c2009
300 _a116 pag.
_c30 cm.
341 _h0
490 _v0
_a0
505 _aPLANTEAMIENTO DEL PROBLEMA/MARCO TEORICO/METODOLOGIA DE LA INVESTIGACION/RESULTADOS
541 _aD
_bDE LA CRUZ AYALA NATALY
_d04-Aug-10
_oSoles
650 _aEducación Primaria
942 _cTESIS
999 _c41788
_d41788